ბათუმის შოთა რუსთაველის სახელმწიფო უნივერსიტეტის ბიბლიოთეკა

Discovering Psychology / (ბიბ.ჩანაწერი № 45350)

000 -LEADER
fixed length control field 00594nam a2200217Ia 4500
001 - CONTROL NUMBER
control field 12174
003 - CONTROL NUMBER IDENTIFIER
control field GE_BSU
005 - DATE AND TIME OF LATEST TRANSACTION
control field 20221114142650.0
008 - FIXED-LENGTH DATA ELEMENTS--GENERAL INFORMATION
fixed length control field 181216s||||||||xx |||||||||||||| ||und||
020 ## - INTERNATIONAL STANDARD BOOK NUMBER
International Standard Book Number 9780716752270x
040 ## - CATALOGING SOURCE
Transcribing agency GE_BSU
080 ## - UNIVERSAL DECIMAL CLASSIFICATION NUMBER
Universal Decimal Classification number 159.9
100 ## - MAIN ENTRY--PERSONAL NAME
Personal name Hockenbury, H Don;
9 (RLIN) 15795
245 ## - TITLE STATEMENT
Title Discovering Psychology /
Statement of responsibility, etc. H. Don Hockenbury, Sandra E. Hockenbury.
264 ## - PRODUCTION, PUBLICATION, DISTRIBUTION, MANUFACTURE, AND COPYRIGHT NOTICE
Place of production, publication, distribution, manufacture New York :
Name of producer, publisher, distributor, manufacturer Worth Publishens,
Date of production, publication, distribution, manufacture, or copyright notice 2007.
300 ## - PHYSICAL DESCRIPTION
Extent 587 p.;
Other physical details 28 cm.
300 ## - PHYSICAL DESCRIPTION
Other physical details ill.
653 ## - INDEX TERM--UNCONTROLLED
keyword Discovering Psychology.
653 ## - INDEX TERM--UNCONTROLLED
keyword ფსიქოლოგია
942 ## - ADDED ENTRY ELEMENTS (KOHA)
Koha item type წიგნი
Source of classification or shelving scheme
ეგზემპლარები
Withdrawn status Lost status Source of classification or shelving scheme Damaged status Not for loan Permanent Location Current Location Shelving location Date acquired Cost, normal purchase price Full call number Barcode Date last seen Copy number Price effective from Koha item type Public note
          ბათუმის შოთა რუსთაველის სახელმწიფო უნივერსიტეტის მთავარი ბიბლიოთეკა ბათუმის შოთა რუსთაველის სახელმწიფო უნივერსიტეტის მთავარი ბიბლიოთეკა წიგნსაცავი 2018-12-17 84.00 159.9 36033 2018-12-17 36033 2018-12-17 წიგნი 84 ლ.
          ბათუმის შოთა რუსთაველის სახელმწიფო უნივერსიტეტის მთავარი ბიბლიოთეკა ბათუმის შოთა რუსთაველის სახელმწიფო უნივერსიტეტის მთავარი ბიბლიოთეკა წიგნსაცავი 2018-12-17 84.00 159.9 36034 2018-12-17 36034 2018-12-17 წიგნი 84 ლ.